[Event "Groningen op compact-A 51st"]
[Site "Groningen"]
[Date "2013.12.29"]
[Round "4"]
[White "Bosveld, Henk"]
[Black "Tangarife Ramirez, Gonzalo"]
[Result "1-0"]
[WhiteElo "1949"]
[BlackElo "2000"]
[PlyCount "85"]
[EventDate "2013.12.26"]
[EventType "swiss"]
[EventRounds "5"]
[EventCountry "NED"]
[SourceTitle "CBM 158 Extra"]
[Source "ChessBase"]
[SourceDate "2014.02.28"]
[SourceVersion "1"]
[SourceVersionDate "2014.02.28"]
[SourceQuality "1"]

1. c4 g6 2. g3 Bg7 3. Bg2 Nf6 4. Nc3 0-0 5. e4 d6 6. Nge2 c6 7. 0-0 e5 8. d3 Nbd7 9. h3 Nc5 10. Be3 h6 11. Qd2 Kh7 12. f4 Ne6 13. g4 Nc7 14. Rad1 Ng8 15. d4 Be6 16. b3 f5 17. exf5 gxf5 18. d5 cxd5 19. Nxd5 exf4 20. Nexf4 Bxd5 21. Nxd5 fxg4 22. hxg4 Nxd5 23. Qxd5 Qe7 24. Qe4+ Qxe4 25. Bxe4+ Kh8 26. Bxb7 Rxf1+ 27. Kxf1 Re8 28. Kf2 Nf6 29. Bf3 Ne4+ 30. Bxe4 Rxe4 31. Kf3 Re6 32. Bxa7 Be5 33. Bd4 Rf6+ 34. Kg2 Kg7 35. Bxe5 dxe5 36. Re1 Re6 37. Kf3 Kf6 38. Ke4 Kg5 39. Rg1 Ra6 40. Rg2 Re6 41. b4 Rf6 42. Kxe5 Rf4 43. Kd5 1-0

[Event "Groningen op compact-A 51st"]
[Site "Groningen"]
[Date "2013.12.27"]
[Round "2"]
[White "Bosveld, Henk"]
[Black "Jellema, Yme Jan"]
[Result "1/2-1/2"]
[WhiteElo "1949"]
[BlackElo "2168"]
[PlyCount "60"]
[EventDate "2013.12.26"]
[EventType "swiss"]
[EventRounds "5"]
[EventCountry "NED"]
[SourceTitle "CBM 158 Extra"]
[Source "ChessBase"]
[SourceDate "2014.02.28"]
[SourceVersion "1"]
[SourceVersionDate "2014.02.28"]
[SourceQuality "1"]

1. c4 c6 2. g3 d5 3. Nf3 g6 4. Bg2 Bg7 5. 0-0 Bg4 6. cxd5 cxd5 7. Qb3 Nf6 8. Qxb7 Nbd7 9. Nc3 Bxf3 10. Bxf3 e6 11. e4 Rb8 12. Qxa7 dxe4 13. Nxe4 0-0 14. d4 Nd5 15. Bg5 f6 16. Be3 Rxb2 17. Rab1 Nxe3 18. fxe3 Qb8 19. Qxb8 Rfxb8 20. Rxb2 Rxb2 21. Rf2 Rb1+ 22. Kg2 e5 23. Rc2 h6 24. Nc5 Nb6 25. Ne6 Bh8 26. Bc6 f5 27. d5 Rd1 28. Nc7 e4 29. a4 Be5 30. Ne6 Nxd5 1/2-1/2